Logo BPK

Biblioteka

Politechniki Koszalińskiej

Electronic properties of crystalline solids / (Rekord nr 26379)

Szczegóły MARC
000 -ETYKIETA REKORDU
podpole kontrolne o stałej długości 00357nam a2200145 i 4500
001 - NUMER KONTROLNY REKORDU
pole kontrolne bg
040 ## - ŹRÓDŁO KATALOGOWANIA
Instytucja, która utworzyła rekord BPK
041 ## - KOD JĘZYKA
Kod języka tekstu pol
080 ## - UNIWERSALNA KLASYFIKACJA DZIESIĘTNA - UKD
UKD 538.9:621.38
008 - POLE O STAŁEJ DŁUGOŚCI - DANE KONTROLNE
podpole kontrolne o stałej długości s pl f |000 0 pol
100 1# - NAZWA OSOBOWA
Nazwa osobowa BUBE, Richard H.
245 #0 - TYTUŁ/ODPOWIEDZIALNOŚĆ
Tytuł Electronic properties of crystalline solids /
Pozostałe elementy strefy tytułu i oznaczenia odpowiedzialności Richard H. Bube.
260 ## - STREFA ADRESU WYDAWNICZEGO
Miejsce wydania New York,
Data publikacji, dystrybucji/powstania dokumentu 1974.
856 ## - LOKALIZACJA I DOSTĘP DO ELEKTRONICZNYCH DOKUMENTÓW ZDALNYCH
Link (URL) http://koha.tu.koszalin.pl/cgi-bin/koha/opac-detail.pl?biblionumber=26379
Tekst linku Katalog online BPK
942 ## - DODATKOWE ELEMENTY (KOHA)
Typ dokumentu Książka
Egzemplarze
Wycofany Status egzemplarza Uszkodzony Dostępność Lokalizacja stała Lokalizacja bieżąca Miejsce przechowywania Sygnatura Kod kreskowy Typ dokumentu
      Dostępny Biblioteka Politechniki Koszalińskiej Biblioteka Politechniki Koszalińskiej Wypożyczalnia BG 17695 01713800 Książka
© 2023 Biblioteka Politechniki Koszalińskiej :: KOHA